00806 a2200205 4500010001400000020002600014035001300040037001600053082001600069090001700085100002100102245009700123260004000220270008000260300002400340500005000364942003100414999001700445952013800462 aENG-89731 a9788178297941c395.00 aEN-73264 bDBAD / PUB14a306.7660954 c11576d115761 aShahani, Parmesh1 aGay Bombay:cby Parmesh Shahanibglobalization, love and (be) longing in contemporary India/ aNew DelhibSage Publicationsc2008 aB1/11, Mohan Cooperative Industrial Area, Mathura RoadbNew Delhie110 044 a349p.c22 cm (pbk) aIncludes bibliographical references & index. adplcENk306.7660954 / SHA c11260d11260 00102ddc40718NFICaDBADbDBADeDBAD/PUBg395.00l0o306.7660954 pEN-73264r2008-09-15 00:00:00t1u12370v395.00w2008-09-15yEN